| 000 | 00480pab a2200157 454500 | ||
|---|---|---|---|
| 008 | 180718b xxu||||| |||| 00| 0 eng d | ||
| 100 | _aDev, S Mehendra and others | ||
| 245 | _aInter-regional variations in labour productivity in Indian agriculture: a simultaneous equation approach | ||
| 650 | _a Inter-Regional Variation | ||
| 650 | _a Productivity | ||
| 650 | _a Labour | ||
| 650 | _a Agriculture | ||
| 650 | _aFarm Labour - India | ||
| 773 | _aArtha Vijnana | ||
| 909 | _a21347 | ||
| 999 |
_c21347 _d21347 |
||